Paris Through the Ages - Statistics

General Stats
  • This quiz has been taken 73 times
  • The average score is 16 of 20
Answer Stats
Year Hint Answer % Correct
1163 Construction begins on this medieval cathedral Notre-Dame
98%
1429 She tried to liberate Paris during the Hundred Years' War Joan of Arc
97%
1793 Queen beheaded a few months after her late husband Louis XVI Marie-Antoinette
95%
1677 Louis XIV left Paris for this other city where he had his palace built Versailles
95%
1940 German leader who only came once for an express tour of the city Adolf Hitler
94%
2019 What caused serious damage to the medieval cathedral A structural fire
94%
1910 Luxury brand founded by a girl named Coco Chanel
94%
2024 Event held 100 years after its last edition Olympic Games
90%
1840 Return of the remains of this leader almost 20 years after his death Napoleon
89%
1383 Fortress that was used as a state prison for 4 centuries Bastille
87%
1862 Novel by Victor Hugo describing the misery in which some Parisians lived Les Misérables
79%
1889 Built to celebrate the 100 years of the French Revolution Eiffel Tower
76%
1970 The most title-winning football club in France Paris Saint-Germain
71%
1836 Egyptian city where the obelisk in Place de la Concorde comes from Luxor
70%
1998 French player who scored twice in the World Cup final, held in Paris Zinédine Zidane
67%
1891 Name given to the French Tennis Open Roland-Garros
65%
1934 Birth of this international sex symbol actress (And God Created Woman, 1956) Brigitte Bardot
60%
1722 Official residence of the French President Élysée Palace
44%
1875 Basilica located at the summit of the butte of Montmartre Sacré-Cœur
43%
-100 Former name given by the Romans Lutetia
41%
No matching quizzes found
Score Distribution
Percent of People with Each Score
Percentile by Number Answered
Your Score History
You have not taken this quiz